| 000 | 01038nam0a22002411 4500 | ||
|---|---|---|---|
| 001 | rc\4435567 | ||
| 005 | 20260407122712.0 | ||
| 035 | _a(NLR Aleph) 008313046 | ||
| 090 |
_a8709619 _c8709619 |
||
| 100 | _a20130416a19639999|||y0rusy50 ca | ||
| 101 | 0 | _arus | |
| 102 | _aRU | ||
| 105 | _ay z ||||| | ||
| 200 | 1 |
_aОпыт работы _eВып. 21- _fМоск. гор. отд-ние О-ва по распространению полит. и науч. знаний РСФСР |
|
| 210 |
_aМосква _cБ. и. _d1963- |
||
| 300 | _aОтпеч. множит. аппаратом | ||
| 710 | 0 | 2 |
_a"Знание", о-во РСФСР _bМосковское гор. отделение _3RU\NLR\AUTH\889959504 _9415180 |
| 801 | 0 |
_aRU _bNLR _gpsbo |
|
| 801 | 1 |
_aRU _bELAR _2rusmarc |
|
| 830 | _aПеречень имеющихся в библиотеке томов, номеров, годов этого издания смотри в каталоге периодических изданий | ||
| 852 |
_aNLR _jП29/494 |
||
| 942 | _cBOOK | ||
| 980 | _aNB | ||